The essence of Becker /

Bibliographic Details
Main Author: Becker, Gary S. (Gary Stanley), 1930-2014
Other Authors: Febrero, Ramón, Schwartz, Pedro, 1935-
Format: Book
Language:English
Published: Stanford, Calif. : Hoover Institution Press, [1995]
Subjects:

MARC

Tag First Indicator Second Indicator Subfields
LEADER 00000cam a2200000 a 4500
001 in00001281908
005 20151004061936.0
008 950928s1995 caua b 011 0deng
010 |a  95040219  
020 |a 081799341X (hardcover) 
020 |a 0817993428 (pbk.) 
035 |a (OCoLC)33281187 
035 |9 AGX5522AM 
040 |a DLC  |c DLC  |d C#P  |d TXA  |d UtOrBLW 
043 |a n-us--- 
049 |a TXAM 
050 0 0 |a HD4904.7.B43  |b A25 1995 
082 0 0 |a 330  |2 20 
100 1 |a Becker, Gary S.  |q (Gary Stanley),  |d 1930-2014. 
240 1 0 |a Works.  |k Selections.  |f 1995 
245 1 4 |a The essence of Becker /  |c edited and with an introduction by Ramón Febrero and Pedro S. Schwartz ; foreword by John Raisian. 
264 1 |a Stanford, Calif. :  |b Hoover Institution Press,  |c [1995] 
264 4 |c ©1995 
300 |a li, 669 pages :  |b illustrations ;  |c 24 cm. 
336 |a text  |b txt  |2 rdacontent 
337 |a unmediated  |b n  |2 rdamedia 
338 |a volume  |b nc  |2 rdacarrier 
500 |a A collection of Becker's principal articles published to celebrate his 1992 Nobel Prize and his 65th birthday. 
504 |a Includes bibliographical references and index. 
650 0 |a Human capital. 
650 0 |a Time  |x Economic aspects. 
650 0 |a Families  |x Economic aspects. 
650 0 |a Economics. 
600 1 0 |a Becker, Gary S.  |q (Gary Stanley),  |d 1930-2014. 
700 1 |a Febrero, Ramón. 
700 1 |a Schwartz, Pedro,  |d 1935- 
999 |a MARS 
999 f f |s ebcd1374-107f-31e5-9f2b-b03908c4993a  |i 174b6093-4240-3522-87b9-efe82038951c  |t 0 
952 f f |p ric  |a Texas A&M University  |b Rellis Campus  |c Joint Library Facility  |d Remote Storage  |t 0  |e HD4904.7.B43 A25 1995  |h Library of Congress classification  |i unmediated -- volume  |m A14819855964 
998 f f |a HD4904.7.B43 A25 1995  |t 0  |l Remote Storage